000 nam a22 7a 4500
999 _c107341
_d107340
005 20210918153519.0
008 210324b ||||| |||| 00| 0 eng d
020 _a9789389718706
080 _a(079.1):621
_bGAT"2021" R
245 _aGATE 2021
_bmechanical engineering
260 _aNew Delhi
_bG . K publications
_c2021
300 _axxiv, 18.24p.
653 _aGATE-Mechanical Engineering
653 _aMechanical Engineering-GATE
653 _aCompetitive exmination guide
653 _aGraduate aptitude test-Mechnaical engineering
942 _cREF